El fauvismo y el expresionismo / (Record no. 55373)

MARC details
000 -LEADER
campo de control de longitud fija 00726nam a2200241 i 4500
001 - NÚMERO DE CONTROL
campo de control 55373
003 - IDENTIFICADOR DE NÚMERO DE CONTROL
campo de control ES-MaACL
005 - FECHA Y HORA DE LA ÚLTIMA TRANSACCIÓN
campo de control 20250812221418.0
007 - CAMPO FIJO DE DESCRIPCIÓN FÍSICA--INFORMACIÓN GENERAL
campo de control de longitud fija t|
008 - DATOS DE LONGITUD FIJA--INFORMACIÓN GENERAL
campo de control de longitud fija 030918s1984 sp af |||| | spa d
100 1# - ENTRADA PRINCIPAL--NOMBRE DE PERSONA
Nombre de persona Denvir, Bernard.
9 (RLIN) 43739
245 13 - MENCIÓN DEL TÍTULO
Título El fauvismo y el expresionismo /
Mención de responsabilidad, etc. Bernard Denvir ; [traducción de Marcelo Covián].
250 ## - MENCION DE EDICION
Mención de edición 2ª ed.
260 ## - PUBLICACIÓN, DISTRIBUCIÓN, ETC.
Lugar de publicación, distribución, etc. Barcelona :
Nombre del editor, distribuidor, etc. Labor,
Fecha de publicación, distribución, etc. 1984.
300 ## - DESCRIPCIÓN FÍSICA
Extensión 63 p., 62 lám. :
Otras características físicas il. ;
Dimensiones 18 cm.
490 1# - MENCIÓN DE SERIE
Mención de serie Bolsillo de Arte Labor
650 #4 - PUNTO DE ACCESO ADICIONAL DE MATERIA--TÉRMINO DE MATERIA
Término de materia o nombre geográfico como elemento de entrada Fauvismo.
9 (RLIN) 166760
650 #4 - PUNTO DE ACCESO ADICIONAL DE MATERIA--TÉRMINO DE MATERIA
Término de materia o nombre geográfico como elemento de entrada Expresionismo (Arte)
9 (RLIN) 145189
700 1# - ENTRADA AGREGADA--NOMBRE PERSONAL
Nombre de persona Covian, Marcelo.
9 (RLIN) 180854
830 00 - PUNTO DE ACCESO ADICIONAL DE SERIE-TÍTULO UNIFORME
Título uniforme Bolsillo de arte Labor
9 (RLIN) 182798
852 ## - LOCALIZACIÓN
Ubicación ES-MaACL
Número de control de estantería L-7360
Holdings
Estatus retirado Estado de pérdida Estado de daño No para préstamo Biblioteca de origen Biblioteca actual Ubicación en estantería Fecha de adquisición Fuente de adquisición Total de préstamos Signatura topográfica completa Código de barras Visto por última vez Precio de reemplazo Tipo de ítem Koha
        Biblioteca del Ateneo de Madrid Biblioteca del Ateneo de Madrid Depósito 2 17/01/2008     L-7360 1058179 23/02/2023 23/02/2023 Libro impreso